000 00412nam a22001577a 4500
003 LK-CoDNM
005 20240920100358.0
008 240820b |||||||| |||| 00| 0 eng d
040 _aLK-CoDNM
_dLK-CoDNM
_eLK-CoDNM
041 _aeng
080 _bGP1979-Vol.2
245 _aThe new law reports 1978- 79 -80
_bVOL 2
260 _aColombo
_bGovernment printers
_c1979
300 _bxxxxi. ; 24 cm
942 _cBK
999 _c148387
_d148387